000 00345nam a2200145Ia 4500
008 090124s9999 xx 000 0 und d
082 _b301768
245 _a अंकुर
250 _a1
260 _bआजरेकर गणेश
_c1987
300 _a114
630 _a अंकुर
730 _a अंकुर
942 _cBOOK
999 _c191353
_d191353